000 00544nam a2200229Ia 4500
003 OSt
005 20220924141124.0
006 a|||||r|||| 00| 0
007 ta
008 220923b |||||||| |||| 00| 0 ben d
024 _a297219
037 _cTextual
040 _aARTS
_cARTS
_bben
041 _2ben
_aben
082 _aO157,3NSE2,1, M0
100 _aSen
245 0 _aDuranta dubai
260 _c1980
650 _aBENGALI LITERATURE
942 _hO157,3NSE2,1, M0
_cTEXL
_2CC
999 _c446289
_d446289